ბათუმის შოთა რუსთაველის სახელმწიფო უნივერსიტეტის ბიბლიოთეკა

გერმანულ–ქართული,ქართულ–გერმანული ბოტანიკური ლექსიკონი (ბიბ.ჩანაწერი № 34625)

000 -LEADER
fixed length control field 00775nam a2200193Ia 4500
001 - CONTROL NUMBER
control field 390
003 - CONTROL NUMBER IDENTIFIER
control field GE_BSU
008 - FIXED-LENGTH DATA ELEMENTS--GENERAL INFORMATION
fixed length control field 181216s||||||||xx |||||||||||||| ||und||
040 ## - CATALOGING SOURCE
Transcribing agency GE_BSU
080 ## - UNIVERSAL DECIMAL CLASSIFICATION NUMBER
Universal Decimal Classification number 58(038)
245 ## - TITLE STATEMENT
Title გერმანულ–ქართული,ქართულ–გერმანული ბოტანიკური ლექსიკონი
245 ## - TITLE STATEMENT
Statement of responsibility, etc. შემდგ. არქიმანდრიტი ლაზარე(გაგნიძე)
260 ## - PUBLICATION, DISTRIBUTION, ETC.
Place of publication, distribution, etc. თბილისი
260 ## - PUBLICATION, DISTRIBUTION, ETC.
Date of publication, distribution, etc. 2008
300 ## - PHYSICAL DESCRIPTION
Extent 153გვ.
653 ## - INDEX TERM--UNCONTROLLED
Uncontrolled term გერმანულ–ქართული,ქართულ–გერმანული ბოტანიკური ლექსიკონი
942 ## - ADDED ENTRY ELEMENTS (KOHA)
Koha item type წიგნი
ეგზემპლარები
Withdrawn status Lost status Damaged status Not for loan Date acquired Barcode Date last seen Price effective from Koha item type Public note
        2018-12-17 802 2018-12-17 2018-12-17 წიგნი დარბაზი
        2018-12-17 803 2018-12-17 2018-12-17 წიგნი დარბაზი
        2018-12-17 804 2018-12-17 2018-12-17 წიგნი საცავი
        2018-12-17 805 2018-12-17 2018-12-17 წიგნი საცვი
        2018-12-17 806 2018-12-17 2018-12-17 წიგნი საცავი